[Event "41st Guernsey Intl. -  Holiday  2015"]
[Site "Guernsey, GCI"]
[Date "2015.10.18"]
[Round "1"]
[White "Abbas, Ahmed C"]
[Black "Collins, Alan"]
[Result "1/2-1/2"]
[WhiteElo "1486"]
[BlackElo "1753"]
[PlyCount "48"]
[EventDate "2015.10.18"]
[EventType "swiss"]
[EventRounds "7"]

1. e4 d6 2. d4 Nf6 3. Nc3 c6 4. Nf3 Bg4 5. Be2 e6 6. h3 Bh5 7. O-O Be7 8. Re1
O-O 9. Bf4 Bg6 10. Bd3 d5 11. Bh2 Bb4 12. Nd2 dxe4 13. Ncxe4 Bxd2 14. Nxf6+
gxf6 15. Qxd2 Qxd4 16. Qh6 Re8 17. b3 Qc5 18. Qf4 Qe7 19. Rad1 Nd7 20. Qg4 Ne5
21. Bxe5 fxe5 22. Bxg6 hxg6 23. Rxe5 Rad8 24. Ree1 Qf6 1/2-1/2

[Event "41st Guernsey Intl. -  Holiday  2015"]
[Site "Guernsey, GCI"]
[Date "2015.10.18"]
[Round "1"]
[White "Kirk, Matthew"]
[Black "Namazbayeva, Sholpan"]
[Result "1-0"]
[WhiteElo "1749"]
[BlackElo "1449"]
[PlyCount "73"]
[EventDate "2015.10.18"]
[EventType "swiss"]
[EventRounds "7"]

1. d4 Nf6 2. c4 e6 3. Nf3 d5 4. Nc3 Bb4 5. Bg5 Bxc3+ 6. bxc3 h6 7. Bxf6 Qxf6 8.
e3 O-O 9. Bd3 Nd7 10. O-O c5 11. cxd5 exd5 12. c4 Qd6 13. cxd5 cxd4 14. Nxd4 a6
15. Nf5 Qf6 16. Ng3 Ne5 17. e4 Bd7 18. Be2 Rac8 19. Qb3 b5 20. Rac1 Qb6 21. Kh1
Rxc1 22. Rxc1 Qxf2 23. Rf1 Qc5 24. Qb2 Ng4 25. Bxg4 Bxg4 26. h3 Qd6 27. e5 Qxd5
28. hxg4 Qd3 29. Rf3 Qg6 30. Qd4 Qb1+ 31. Kh2 Qxa2 32. Nf5 Qe6 33. Qd6 Ra8 34.
Qxe6 fxe6 35. Nd4 Re8 36. Ra3 Ra8 37. Nxb5 1-0

[Event "41st Guernsey Intl. -  Holiday  2015"]
[Site "Guernsey, GCI"]
[Date "2015.10.18"]
[Round "1"]
[White "Harnden, Terry"]
[Black "Vonhoff, Joerg"]
[Result "0-1"]
[WhiteElo "1480"]
[BlackElo "1728"]
[PlyCount "112"]
[EventDate "2015.10.18"]
[EventType "swiss"]
[EventRounds "7"]

1. e4 c5 2. Nf3 d6 3. d4 cxd4 4. Nxd4 Nf6 5. Nc3 a6 6. f3 b5 7. Be3 g6 8. Qd2
Bb7 9. Nb3 Nc6 10. O-O-O h5 11. Kb1 Bg7 12. h3 Qc7 13. Be2 Ne5 14. Rhg1 Rc8 15.
Rc1 Nc4 16. Bxc4 Qxc4 17. Na5 Qc7 18. Nxb7 Qxb7 19. Nd5 Nxd5 20. Qxd5 Qxd5 21.
exd5 O-O 22. h4 Rc4 23. g3 Rfc8 24. c3 e6 25. dxe6 fxe6 26. f4 Re4 27. Bd2 Kf7
28. Rge1 Rxe1 29. Rxe1 Kf6 30. a3 Kf5 31. Kc2 e5 32. fxe5 dxe5 33. Rf1+ Ke6 34.
Bg5 Rc4 35. Re1 Rg4 36. Rg1 Bf8 37. Be3 Bd6 38. Bf2 Kf5 39. Rf1 Ke6 40. Rg1 e4
41. Kd2 Kd5 42. Kc2 Bc5 43. Bxc5 Kxc5 44. Rg2 g5 45. hxg5 Rxg5 46. Rh2 Kd5 47.
b3 a5 48. Kd2 a4 49. b4 Kc4 50. Kc2 Rxg3 51. Rxh5 Rg2+ 52. Kb1 Kxc3 53. Rh3+
Kd2 54. Rh5 e3 55. Rd5+ Ke1 56. Re5 e2 0-1

[Event "41st Guernsey Intl. -  Holiday  2015"]
[Site "Guernsey, GCI"]
[Date "2015.10.18"]
[Round "1"]
[White "Newrick, William R"]
[Black "Jongerius, Marc"]
[Result "0-1"]
[WhiteElo "1366"]
[BlackElo "1718"]
[PlyCount "80"]
[EventDate "2015.10.18"]
[EventType "swiss"]
[EventRounds "7"]

1. d4 d5 2. Nf3 e6 3. c4 Nf6 4. Nc3 c6 5. Bg5 Nbd7 6. e4 Qa5 7. cxd5 exd5 8.
Bd3 Bb4 9. O-O Bxc3 10. e5 Ne4 11. bxc3 f6 12. exf6 Ndxf6 13. Bxf6 gxf6 14. Re1
Kf7 15. Bxe4 dxe4 16. Rxe4 Bf5 17. Qb3+ Qd5 18. Qxd5+ cxd5 19. Re3 Rac8 20.
Rae1 Rc7 21. h3 Rhc8 22. g4 Be4 23. Nh4 Rxc3 24. Rxc3 Rxc3 25. Kh2 Rc2 26. Kg3
Rxa2 27. f3 Bg6 28. Nxg6 hxg6 29. Rb1 b6 30. Rb5 Ke6 31. Rb3 Ra4 32. Re3+ Kf7
33. Rd3 Rc4 34. h4 a5 35. Kf4 b5 36. g5 a4 37. Kg4 f5+ 38. Kf4 a3 39. Ke5 b4
40. Kxd5 Rc3 0-1

[Event "41st Guernsey Intl. -  Holiday  2015"]
[Site "Guernsey, GCI"]
[Date "2015.10.18"]
[Round "1"]
[White "Kearsley, Raymond J"]
[Black "Bennett, David W"]
[Result "1-0"]
[WhiteElo "1718"]
[BlackElo "1360"]
[PlyCount "69"]
[EventDate "2015.10.18"]
[EventType "swiss"]
[EventRounds "7"]

1. e4 e6 2. d4 c5 3. d5 exd5 4. exd5 Nf6 5. Nc3 g6 6. Bg5 Bg7 7. Qd2 O-O 8.
O-O-O d6 9. Qf4 b6 10. Qh4 Bf5 11. Bd3 Bxd3 12. Rxd3 Nbd7 13. Ne4 Re8 14. f3
Qe7 15. Nh3 c4 16. Re3 Qe5 17. Nxf6+ Qxf6 18. Rxe8+ Rxe8 19. Bxf6 Bxf6 20. Qg3
Be5 21. f4 Bd4 22. Re1 Rc8 23. Qg4 Rd8 24. f5 Be5 25. fxg6 hxg6 26. Ng5 Nf6 27.
Qh4 Rc8 28. Nf3 Nxd5 29. Nxe5 dxe5 30. Rxe5 Nb4 31. a3 Na6 32. Qe4 Rf8 33. Re8
f5 34. Rxf8+ Kxf8 35. Qc6 1-0

[Event "41st Guernsey Intl. -  Holiday  2015"]
[Site "Guernsey, GCI"]
[Date "2015.10.18"]
[Round "1"]
[White "Gibzinski, Stanislaw"]
[Black "Ruigrok, Jacques"]
[Result "1/2-1/2"]
[WhiteElo "1281"]
[BlackElo "1707"]
[PlyCount "54"]
[EventDate "2015.10.18"]
[EventType "swiss"]
[EventRounds "7"]

1. c4 e5 2. g3 Nf6 3. Bg2 Nc6 4. Nc3 Be7 5. Nf3 d6 6. d4 exd4 7. Nxd4 Bd7 8.
O-O O-O 9. Nc2 Re8 10. e4 Ne5 11. Ne3 Bf8 12. b3 Qc8 13. f4 Ng6 14. f5 Ne5 15.
Ncd5 Nxd5 16. cxd5 f6 17. Rf4 Qd8 18. Qh5 g5 19. fxg6 hxg6 20. Qe2 Bg7 21. Bb2
a6 22. a4 c6 23. Raf1 Qe7 24. h3 Rf8 25. Nc4 c5 26. Nxe5 fxe5 27. Rxf8+ Rxf8
1/2-1/2

[Event "41st Guernsey Intl. -  Holiday  2015"]
[Site "Guernsey, GCI"]
[Date "2015.10.18"]
[Round "1"]
[White "Baart, Edwin"]
[Black "Brown, Jim"]
[Result "1-0"]
[WhiteElo "1675"]
[BlackElo "1195"]
[PlyCount "55"]
[EventDate "2015.10.18"]
[EventType "swiss"]
[EventRounds "7"]

1. d4 c6 2. Nf3 d6 3. c4 Nd7 4. Nc3 e5 5. e4 Be7 6. Qc2 Ngf6 7. Bg5 h6 8. Bh4
Nh7 9. Bxe7 Qxe7 10. O-O-O Ng5 11. dxe5 Nxf3 12. gxf3 dxe5 13. Bh3 Nf6 14. Bxc8
Rxc8 15. Rhg1 g5 16. Ne2 Rd8 17. Ng3 Rxd1+ 18. Rxd1 Qc7 19. Nf5 Rh7 20. Rd6 Nd7
21. Qd2 f6 22. Qb4 a5 23. Qd2 a4 24. Re6+ Kf7 25. Rd6 h5 26. Rxd7+ Qxd7 27.
Qxd7+ Kg6 28. Qe8+ 1-0

[Event "41st Guernsey Intl. -  Holiday  2015"]
[Site "Guernsey, GCI"]
[Date "2015.10.18"]
[Round "1"]
[White "Wickham, Michael"]
[Black "Lorthioir, Gwenegan"]
[Result "1-0"]
[WhiteElo "1728"]
[BlackElo "1292"]
[PlyCount "137"]
[EventDate "2015.10.18"]
[EventType "swiss"]
[EventRounds "7"]

1. e4 c6 2. d4 d5 3. exd5 cxd5 4. c4 dxc4 5. Bxc4 e6 6. Nf3 Nf6 7. Nc3 Nc6 8.
O-O Bd6 9. Re1 O-O 10. a3 a6 11. Bg5 h6 12. Bh4 Be7 13. Bg3 Bd6 14. d5 exd5 15.
Nxd5 Nxd5 16. Bxd6 Qxd6 17. Qxd5 Qf6 18. Qd2 Bg4 19. Re3 Rad8 20. Qc3 Qd6 21.
Rae1 Bh5 22. h3 Rc8 23. Ne5 Nxe5 24. Rxe5 Bg6 25. Qb3 Rc7 26. Bf1 Qd7 27. Qe3
Rcc8 28. Qf3 Rb8 29. Re7 Qc8 30. Qf4 Qc6 31. Rc7 Qb6 32. Bc4 Qxb2 33. Qg3 Qf6
34. Ree7 Qb6 35. Be6 Qb1+ 36. Kh2 Bh5 37. Qf4 Bg6 38. Bxf7+ Bxf7 39. Rxf7 Qb2
40. Qc4 Qe5+ 41. f4 Qxc7 42. Rxc7+ Kh8 43. Qd4 Rg8 44. Rd7 b5 45. f5 Rbf8 46.
g4 Rf6 47. Rd6 Rgf8 48. Rd7 Kg8 49. Qa7 R8f7 50. Rxf7 Rxf7 51. Qxa6 Rc7 52.
Qxb5 Rc2+ 53. Kg1 Rc3 54. a4 Rxh3 55. a5 Rg3+ 56. Kh2 Rxg4 57. a6 Rd4 58. Qe8+
Kh7 59. a7 Rd2+ 60. Kg3 Ra2 61. a8=Q Rxa8 62. Qxa8 h5 63. Kf4 h4 64. Kg5 h3 65.
Qh1 h2 66. f6 g6 67. Qxh2+ Kg8 68. Kxg6 Kf8 69. Qh8# 1-0

[Event "41st Guernsey Intl. -  Holiday  2015"]
[Site "Guernsey, GCI"]
[Date "2015.10.19"]
[Round "2"]
[White "Kirk, Matthew"]
[Black "Nielsen, Jorgen Holmstrom"]
[Result "1-0"]
[WhiteElo "1749"]
[BlackElo "1889"]
[PlyCount "81"]
[EventDate "2015.10.18"]
[EventType "swiss"]
[EventRounds "7"]

1. d4 Nf6 2. c4 e5 3. dxe5 Ng4 4. Nf3 Nc6 5. Bf4 Bb4+ 6. Nbd2 Qe7 7. e3 Ngxe5
8. Be2 Nxf3+ 9. Bxf3 Ne5 10. Be2 O-O 11. O-O d6 12. Nf3 Nxf3+ 13. Bxf3 Ba5 14.
Rc1 Bb6 15. b4 a5 16. b5 Rb8 17. a4 Kh8 18. Qd3 f5 19. Qc3 h5 20. Bxh5 Kh7 21.
h3 g5 22. Bh2 Rg8 23. Be2 Be6 24. Rfd1 Rg7 25. Bf3 Rh8 26. Bxb7 g4 27. hxg4
Rxg4 28. Bf3 Rxc4 29. Qa1 Kg8 30. Bg3 Qh7 31. Kf1 Rb4 32. Bd5 Bxd5 33. Rxd5 Qf7
34. Rxd6 Rh1+ 35. Ke2 Qh5+ 36. f3 Qe8 37. Rxh1 Qxe3+ 38. Kf1 Bd4 39. Rd8+ Kg7
40. Rxd4 Rxd4 41. Bf2 1-0

[Event "41st Guernsey Intl. -  Holiday  2015"]
[Site "Guernsey, GCI"]
[Date "2015.10.19"]
[Round "2"]
[White "Wickham, Michael"]
[Black "Van Hoek, Wim"]
[Result "0-1"]
[WhiteElo "1728"]
[BlackElo "1869"]
[PlyCount "80"]
[EventDate "2015.10.18"]
[EventType "swiss"]
[EventRounds "7"]

1. e4 e5 2. Nf3 Nc6 3. Bb5 f5 4. d4 fxe4 5. Nxe5 Nxe5 6. dxe5 c6 7. Ba4 Qa5+ 8.
c3 Qxe5 9. O-O Nf6 10. g3 d5 11. Bf4 Qe6 12. Nd2 Bd6 13. Bxd6 Qxd6 14. Nc4 Qc7
15. Ne3 O-O 16. c4 dxc4 17. Qe2 b5 18. Bc2 Bh3 19. Rfd1 Qe5 20. b3 c3 21. a4
Nd5 22. Nxd5 cxd5 23. f4 Qe6 24. Qxb5 Rad8 25. Qc5 Rxf4 26. Qxc3 Rf3 27. Qa5
Rdf8 28. Qb5 Qb6+ 29. Qxb6 axb6 30. b4 g6 31. Rac1 Kg7 32. Bb1 e3 33. Bd3 Rf2
34. Re1 d4 35. Bf1 Bg4 36. Bd3 Bf5 37. Bxf5 R8xf5 38. Rf1 d3 39. Rxf2 Rxf2 40.
Rf1 d2 0-1

[Event "41st Guernsey Intl. -  Holiday  2015"]
[Site "Guernsey, GCI"]
[Date "2015.10.19"]
[Round "2"]
[White "Newell, David F"]
[Black "Kearsley, Raymond J"]
[Result "1-0"]
[WhiteElo "1867"]
[BlackElo "1718"]
[PlyCount "97"]
[EventDate "2015.10.18"]
[EventType "swiss"]
[EventRounds "7"]

1. f4 Nf6 2. Nf3 g6 3. g3 Bg7 4. Bg2 O-O 5. d3 c5 6. O-O d6 7. Nc3 Nc6 8. e4 e6
9. h3 d5 10. e5 Nd7 11. Qe2 f5 12. Qf2 a6 13. Ng5 Nd4 14. Be3 h6 15. Bxd4 hxg5
16. Bxc5 Nxc5 17. Qxc5 gxf4 18. gxf4 Kh7 19. Qf2 Rf7 20. Ne2 Bf8 21. Kh1 Be7
22. Ng1 Bd7 23. Nf3 Bc6 24. Rfd1 Rc8 25. Nd4 Qd7 26. Nxc6 bxc6 27. Qb6 Rff8 28.
Qf2 Rb8 29. c4 Rfc8 30. Rac1 Qb7 31. Rc2 Rc7 32. Rdc1 Rbc8 33. a3 a5 34. Qd2
Qa7 35. Rc3 Bc5 36. Qe1 Bf2 37. Qd1 Be3 38. Rb1 Bxf4 39. d4 Bh6 40. c5 Rf8 41.
b4 axb4 42. axb4 Qa2 43. Rc2 Qa6 44. Bf1 Qa4 45. b5 cxb5 46. Bxb5 Qa3 47. Bf1
Ra8 48. Rcb2 Be3 49. Rb3 1-0

[Event "41st Guernsey Intl. -  Holiday  2015"]
[Site "Guernsey, GCI"]
[Date "2015.10.19"]
[Round "2"]
[White "Jongerius, Marc"]
[Black "Bateman, Kerry"]
[Result "0-1"]
[WhiteElo "1718"]
[BlackElo "1824"]
[PlyCount "72"]
[EventDate "2015.10.18"]
[EventType "swiss"]
[EventRounds "7"]

1. e4 c5 2. Nf3 d6 3. c3 Nf6 4. Be2 Nxe4 5. Qa4+ Nc6 6. Qxe4 g6 7. Bb5 Qc7 8.
Bxc6+ bxc6 9. O-O Bg7 10. d4 Bf5 11. Qe2 cxd4 12. Nxd4 Bd7 13. Nd2 c5 14. N4f3
e6 15. c4 Rb8 16. Rb1 O-O 17. b3 d5 18. Bb2 d4 19. Ne4 h6 20. Ba3 Bc6 21. Bxc5
Bxe4 22. Bxf8 Bxf3 23. Qxf3 Kxf8 24. Rfe1 e5 25. Qd3 f5 26. f3 Qa5 27. Rb2
Qxe1+ 28. Qf1 Qxf1+ 29. Kxf1 e4 30. fxe4 fxe4 31. b4 Ke7 32. a3 Rf8+ 33. Rf2
Rxf2+ 34. Kxf2 Bf8 35. c5 Kd7 36. a4 Bxc5 0-1

[Event "41st Guernsey Intl. -  Holiday  2015"]
[Site "Guernsey, GCI"]
[Date "2015.10.19"]
[Round "2"]
[White "Baart, Edwin"]
[Black "Dennis, Nigel W"]
[Result "1/2-1/2"]
[WhiteElo "1675"]
[BlackElo "1809"]
[PlyCount "139"]
[EventDate "2015.10.18"]
[EventType "swiss"]
[EventRounds "7"]

1. d4 Nf6 2. Nf3 g6 3. c4 Bg7 4. Nc3 O-O 5. e4 d6 6. Bg5 Bg4 7. Be2 Nbd7 8. Qd2
c5 9. d5 a6 10. Bh6 Qa5 11. Bxg7 Kxg7 12. h3 Bxf3 13. gxf3 Rab8 14. f4 b5 15.
f3 bxc4 16. Bxc4 Rb4 17. b3 Nb6 18. Be2 Rxb3 19. Rc1 Ra3 20. Rc2 Rb8 21. Kf2
Nfd7 22. Nb1 Qxd2 23. Nxd2 Ra5 24. Nb3 Ra4 25. Nd2 a5 26. Rhc1 Ra8 27. Nb1 Rb4
28. a3 Rb3 29. Ra2 Na4 30. Nd2 Rb2 31. Rxb2 Nxb2 32. Rc2 Rb8 33. Rc3 a4 34. Rc2
Rb7 35. Ba6 Rb6 36. Be2 Nb8 37. Nb1 Nd1+ 38. Bxd1 Rxb1 39. Rd2 Rb7 40. Bxa4 Ra7
41. Rb2 Rxa4 42. Rxb8 Rxa3 43. Rc8 h5 44. h4 Kf6 45. Rc7 Ra2+ 46. Kg3 Rc2 47.
Rc6 c4 48. Rc7 c3 49. Rc6 Rc1 50. Kg2 c2 51. Kh2 e6 52. dxe6 Kxe6 53. Rc7 f6
54. Kg2 f5 55. Rc6 fxe4 56. fxe4 Re1 57. Rxc2 Rxe4 58. Kg3 Kf5 59. Rd2 Re3+ 60.
Kf2 Rh3 61. Rd5+ Kxf4 62. Rxd6 Kf5 63. Rd5+ Ke6 64. Rd4 Ke5 65. Ra4 Rd3 66.
Ra5+ Rd5 67. Ra6 Kf5 68. Ra4 g5 69. hxg5 Kxg5 70. Kg2 1/2-1/2

[Event "41st Guernsey Intl. -  Holiday  2015"]
[Site "Guernsey, GCI"]
[Date "2015.10.19"]
[Round "2"]
[White "Hermes, Geoff R"]
[Black "Finch, Russell"]
[Result "1-0"]
[WhiteElo "1884"]
[BlackElo "1620"]
[PlyCount "73"]
[EventDate "2015.10.18"]
[EventType "swiss"]
[EventRounds "7"]

1. e4 c5 2. Nf3 d6 3. c3 Nc6 4. d4 Qc7 5. Be3 Nf6 6. d5 Nd8 7. Bd3 g6 8. c4 Bg7
9. Nc3 a6 10. O-O O-O 11. h3 Bd7 12. Qd2 Rb8 13. a4 Qc8 14. Nh2 e5 15. Bg5 Re8
16. Rae1 Nh5 17. Be2 Nf4 18. Bxf4 exf4 19. Qxf4 Be5 20. Qh4 f5 21. Nf3 Nf7 22.
Nxe5 Rxe5 23. f4 Re8 24. Bd3 Kg7 25. exf5 Bxf5 26. Rxe8 Qxe8 27. Bxf5 gxf5 28.
Re1 Qf8 29. Re6 Qd8 30. Qh5 Qb6 31. Re7 Rf8 32. Qxf5 Qxb2 33. Ne4 Qd4+ 34. Kh2
Kg8 35. Nf6+ Kg7 36. Qg5+ Kh8 37. Rxf7 1-0

[Event "41st Guernsey Intl. -  Holiday  2015"]
[Site "Guernsey, GCI"]
[Date "2015.10.19"]
[Round "2"]
[White "Karcher, Berthold"]
[Black "Rowe, Oliver"]
[Result "1/2-1/2"]
[WhiteElo "1871"]
[BlackElo "1561"]
[PlyCount "58"]
[EventDate "2015.10.18"]
[EventType "swiss"]
[EventRounds "7"]

1. d4 Nf6 2. c4 e5 3. dxe5 Ng4 4. Nf3 Nc6 5. Bf4 Bb4+ 6. Nbd2 Qe7 7. a3 Bxd2+
8. Qxd2 Ngxe5 9. Nxe5 Nxe5 10. e3 d6 11. Be2 O-O 12. O-O Be6 13. Rac1 b6 14.
Qc3 Ng6 15. Bg3 Rad8 16. Rfd1 f5 17. Bf3 Qf6 18. Bd5 Bxd5 19. Qxf6 Rxf6 20.
cxd5 Rf7 21. Rd4 Re8 22. Rdc4 Ree7 23. b4 a6 24. h3 h6 25. Kf1 Nf8 26. h4 Nh7
27. Re1 Nf6 28. Rd4 Re4 29. Rd3 Rc4 1/2-1/2

[Event "41st Guernsey Intl. -  Holiday  2015"]
[Site "Guernsey, GCI"]
[Date "2015.10.19"]
[Round "2"]
[White "Akeya Price, Robert"]
[Black "Norman, Dinah M"]
[Result "1/2-1/2"]
[WhiteElo "1517"]
[BlackElo "1839"]
[PlyCount "82"]
[EventDate "2015.10.18"]
[EventType "swiss"]
[EventRounds "7"]

1. d4 d5 2. c4 c6 3. e3 Nf6 4. Nf3 e6 5. Nbd2 Nbd7 6. b3 a5 7. a3 b6 8. Bd3 Be7
9. O-O Bb7 10. Bb2 O-O 11. Qe2 c5 12. Rfd1 a4 13. cxd5 exd5 14. dxc5 bxc5 15.
Bb5 axb3 16. Nxb3 Qc7 17. a4 Bc6 18. Rac1 Bxb5 19. axb5 Qb6 20. Bxf6 Nxf6 21.
Ne5 Bd6 22. Nc6 Rfe8 23. Qf1 Bf8 24. Rc2 Ra3 25. Rb1 Rea8 26. Qe2 Rxb3 27. Rcb2
Rxb2 28. Qxb2 h6 29. g3 Bd6 30. Rd1 Kf8 31. e4 Nxe4 32. Rxd5 c4 33. Qd4 Qxd4
34. Rxd4 f5 35. Rxc4 Bc5 36. Rc2 Bxf2+ 37. Kg2 Bb6 38. Ne5 Kg8 39. Nd7 Bd4 40.
b6 Bxb6 41. Nxb6 Rd8 1/2-1/2

[Event "41st Guernsey Intl. -  Holiday  2015"]
[Site "Guernsey, GCI"]
[Date "2015.10.19"]
[Round "2"]
[White "Goris Schouwstra, Adry"]
[Black "Jones, Tim"]
[Result "1-0"]
[WhiteElo "1835"]
[BlackElo "1518"]
[PlyCount "95"]
[EventDate "2015.10.18"]
[EventType "swiss"]
[EventRounds "7"]

1. d4 d5 2. Nf3 e6 3. e3 Nf6 4. Nbd2 Bd6 5. c4 c6 6. Bd3 Nbd7 7. O-O b6 8. cxd5
exd5 9. Qc2 c5 10. b3 cxd4 11. Nxd4 Bb7 12. Bb2 Rc8 13. Qd1 O-O 14. Nf5 Bb4 15.
Rc1 Re8 16. a3 Be7 17. Nxe7+ Qxe7 18. Nf3 h6 19. b4 a6 20. Qe2 b5 21. Bd4 Ne4
22. Qb2 Ndf6 23. h3 Rxc1 24. Rxc1 Rc8 25. Rc2 Rxc2 26. Qxc2 Qd8 27. a4 bxa4 28.
Qxa4 Qd7 29. Qa1 Qe6 30. Ne5 Qd6 31. Qb2 Qd8 32. f3 Nd6 33. Qc2 Qc8 34. Qxc8+
Bxc8 35. Nc6 Bb7 36. Na5 Bc8 37. Bxf6 gxf6 38. Nb3 Nc4 39. Kf2 Kg7 40. Nc5 f5
41. e4 fxe4 42. fxe4 Nb6 43. exd5 Nxd5 44. Bxa6 Nb6 45. Bxc8 Nxc8 46. Ke3 Kf6
47. Kf4 Nd6 48. Ne4+ 1-0

[Event "41st Guernsey Intl. -  Holiday  2015"]
[Site "Guernsey, GCI"]
[Date "2015.10.19"]
[Round "2"]
[White "O'Connell, Denis"]
[Black "Day, Fred G"]
[Result "0-1"]
[WhiteElo "1811"]
[BlackElo "1510"]
[PlyCount "81"]
[EventDate "2015.10.18"]
[EventType "swiss"]
[EventRounds "7"]

1. e4 g6 2. d4 Bg7 3. Nc3 d6 4. Be3 Nc6 5. Nf3 Bg4 6. Be2 e5 7. d5 Nce7 8. h3
Bd7 9. Qd2 f5 10. exf5 Nxf5 11. Bg5 Nf6 12. g4 Ne7 13. Bh6 O-O 14. Bxg7 Kxg7
15. g5 Nh5 16. O-O-O Nf4 17. Ne4 Nexd5 18. c4 Nxe2+ 19. Qxe2 Nf4 20. Qe3 Nh5
21. Nxe5 Bf5 22. Ng3 Nxg3 23. Qxg3 Qe8 24. Nd3 Qe4 25. Kb1 Qxc4 26. Ka1 Rae8
27. Nc1 Qc2 28. Qc3+ Re5 29. Nb3 Qxc3 30. bxc3 Be6 31. Nd4 Bc4 32. Rd2 Rxg5 33.
Rb1 b5 34. Re1 Rf7 35. Kb2 Rg2 36. Ne6+ Kh6 37. Nd4 Rfxf2 38. Rxf2 Rxf2+ 39.
Nc2 a5 40. a3 c5 41. h4 0-1

[Event "41st Guernsey Intl. -  Holiday  2015"]
[Site "Guernsey, GCI"]
[Date "2015.10.19"]
[Round "2"]
[White "Bakkes, Frits"]
[Black "Reutimann, Hans Peter"]
[Result "1-0"]
[WhiteElo "1632"]
[BlackElo "1780"]
[PlyCount "43"]
[EventDate "2015.10.18"]
[EventType "swiss"]
[EventRounds "7"]

1. e4 e6 2. d4 d5 3. Nc3 c6 4. Nf3 Ne7 5. Bd3 Ng6 6. e5 c5 7. dxc5 Bxc5 8. O-O
Nc6 9. Re1 O-O 10. Bg5 Qc7 11. Na4 Ncxe5 12. Nxe5 Nxe5 13. Nxc5 Qxc5 14. Rxe5
f6 15. Be3 Qd6 16. Rh5 f5 17. c4 d4 18. Bg5 e5 19. c5 Qxc5 20. Rc1 Qb6 21. Bc4+
Kh8 22. Rxh7+ 1-0

[Event "41st Guernsey Intl. -  Holiday  2015"]
[Site "Guernsey, GCI"]
[Date "2015.10.19"]
[Round "2"]
[White "Stuart, Brian"]
[Black "Abbas, Ahmed C"]
[Result "1-0"]
[WhiteElo "1758"]
[BlackElo "1486"]
[PlyCount "119"]
[EventDate "2015.10.18"]
[EventType "swiss"]
[EventRounds "7"]

1. e4 e5 2. f4 d5 3. exd5 exf4 4. Nf3 Nf6 5. c4 Bd6 6. d4 c6 7. c5 Bc7 8. d6
Ba5+ 9. Bd2 Bxd2+ 10. Qxd2 Nd5 11. Bd3 O-O 12. O-O Ne3 13. Re1 Nd7 14. Nc3 Nf6
15. Ne2 Bg4 16. Nxf4 Bxf3 17. Rxe3 Bd5 18. Rh3 Be4 19. Rf1 a5 20. Nh5 Bg6 21.
Nxf6+ gxf6 22. Qf4 Qd7 23. Rg3 Qe6 24. h4 Kh8 25. Qxf6+ Qxf6 26. Rxf6 Rae8 27.
Bxg6 hxg6 28. Rgf3 Kg7 29. d7 Rd8 30. Rd6 f6 31. Re3 Rf7 32. Kf2 Rdxd7 33. Ree6
Rde7 34. Ke3 Rxe6+ 35. Rxe6 Rd7 36. Re4 Kf7 37. a3 f5 38. Re5 Kf6 39. g3 Rh7
40. Re8 Kf7 41. Rb8 Ke6 42. Rd8 Rc7 43. Rd6+ Kf7 44. b4 axb4 45. axb4 Kg7 46.
d5 cxd5 47. Rxd5 Re7+ 48. Kd3 Kh6 49. b5 Kh5 50. Rd4 g5 51. hxg5 Kxg5 52. Kc4
Re1 53. c6 bxc6 54. bxc6 Rc1+ 55. Kd5 Rc3 56. Rc4 Rd3+ 57. Ke6 Rxg3 58. c7 Re3+
59. Kd7 Rd3+ 60. Kc6 1-0

[Event "41st Guernsey Intl. -  Holiday  2015"]
[Site "Guernsey, GCI"]
[Date "2015.10.19"]
[Round "2"]
[White "Jones, Sid"]
[Black "Hoogakker, Peter"]
[Result "0-1"]
[WhiteElo "1435"]
[BlackElo "1755"]
[PlyCount "52"]
[EventDate "2015.10.18"]
[EventType "swiss"]
[EventRounds "7"]

1. d4 d6 2. c4 Nf6 3. Nc3 Nbd7 4. g3 e5 5. Bg2 c6 6. dxe5 dxe5 7. Nf3 Bc5 8.
O-O O-O 9. a4 Re8 10. Ng5 Qc7 11. Nge4 Nxe4 12. Nxe4 Be7 13. Be3 f5 14. Nc3 Nf6
15. Qc1 Be6 16. c5 Rad8 17. b4 Rd7 18. h3 Red8 19. Bg5 h6 20. Bxf6 Bxf6 21. Rd1
Rxd1+ 22. Nxd1 e4 23. e3 Bxa1 24. Qxa1 Bb3 25. Nc3 Qe5 26. Qe1 Rd3 0-1

[Event "41st Guernsey Intl. -  Holiday  2015"]
[Site "Guernsey, GCI"]
[Date "2015.10.19"]
[Round "2"]
[White "Collins, Alan"]
[Black "Nalichowski, Bogdan"]
[Result "1-0"]
[WhiteElo "1753"]
[BlackElo "1386"]
[PlyCount "165"]
[EventDate "2015.10.18"]
[EventType "swiss"]
[EventRounds "7"]

1. c4 e5 2. Nc3 Nf6 3. g3 Bc5 4. Bg2 Nc6 5. d3 h6 6. Nf3 d6 7. O-O O-O 8. a3 a6
9. b4 Ba7 10. Rb1 Ne7 11. a4 Bd7 12. Nd2 Rb8 13. Ba3 Ng4 14. h3 Nf6 15. b5 a5
16. Nb3 b6 17. Bc1 Rc8 18. Be3 c5 19. bxc6 Nxc6 20. Nb5 Bb8 21. Nd2 Nb4 22. Kh2
Bxb5 23. cxb5 d5 24. Nf3 d4 25. Bd2 Nbd5 26. Rc1 Qe7 27. Qb3 Bd6 28. Nh4 Qe6
29. Nf3 Bc5 30. Rc4 Rc7 31. Rfc1 Rfc8 32. Ne1 e4 33. dxe4 Nxe4 34. Bxe4 Qxe4
35. Qf3 Qe6 36. Nd3 Ba3 37. Rxc7 Rxc7 38. Rxc7 Nxc7 39. Nf4 Qa2 40. Qc6 Qxd2
41. Qxc7 Bc5 42. Qc8+ Kh7 43. Qf5+ Kg8 44. Qc8+ Kh7 45. Qf5+ Kg8 46. Qc8+ Bf8
47. Qc4 Qb4 48. Qc2 Qc3 49. Qd1 Bc5 50. Kg2 Bb4 51. Nd3 Qd2 52. Qxd2 Bxd2 53.
Kf3 f6 54. Ke4 Bc3 55. Kd5 Kf7 56. Kc6 Ke7 57. Kxb6 Kd7 58. Ka7 Bb4 59. b6 Bd6
60. b7 Kc6 61. b8=Q Bxb8+ 62. Kxb8 Kb6 63. Kc8 Kc6 64. Kd8 Kd6 65. Ke8 Ke6 66.
Nc5+ Kd5 67. Nb7 Kc6 68. Nxa5+ Kc5 69. Nb3+ Kc4 70. a5 Kxb3 71. a6 Kc3 72. a7
Kd2 73. a8=Q Kxe2 74. Qe4+ Kxf2 75. Qxd4+ Kxg3 76. Qg4+ Kh2 77. Kf7 g5 78. Kxf6
Kh1 79. Kg6 h5 80. Kxh5 Kh2 81. Kxg5 Kh1 82. h4 Kh2 83. h5 1-0

[Event "41st Guernsey Intl. -  Holiday  2015"]
[Site "Guernsey, GCI"]
[Date "2015.10.19"]
[Round "2"]
[White "Ruigrok, Jacques"]
[Black "Van Beek, Ronald"]
[Result "1/2-1/2"]
[WhiteElo "1707"]
[BlackElo "1297"]
[PlyCount "58"]
[EventDate "2015.10.18"]
[EventType "swiss"]
[EventRounds "7"]

1. e4 e6 2. d4 d5 3. e5 c5 4. c3 Nc6 5. Nf3 h6 6. Bd3 c4 7. Bc2 Nge7 8. O-O Ng6
9. Ne1 Be7 10. f4 O-O 11. Nf3 f5 12. exf6 Rxf6 13. g3 Bd6 14. Na3 a6 15. b3 b5
16. bxc4 dxc4 17. Be4 Bb7 18. Nc2 Rb8 19. Qe2 Bc7 20. Re1 Qe8 21. f5 Nf8 22.
fxe6 Ne7 23. Bxb7 Rxb7 24. Qe4 Rb6 25. d5 Rd6 26. Ba3 Rb6 27. Bc5 Rb8 28. Rad1
Bb6 29. Bxb6 Rxb6 1/2-1/2

[Event "41st Guernsey Intl. -  Holiday  2015"]
[Site "Guernsey, GCI"]
[Date "2015.10.19"]
[Round "2"]
[White "Lorthioir, Romuald"]
[Black "Wale, Ray"]
[Result "1-0"]
[WhiteElo "1491"]
[BlackElo "1660"]
[PlyCount "101"]
[EventDate "2015.10.18"]
[EventType "swiss"]
[EventRounds "7"]

1. c4 c5 2. g3 g6 3. Bg2 Bg7 4. Nc3 Nf6 5. Nf3 O-O 6. O-O e6 7. d4 cxd4 8. Nxd4
Nc6 9. Nxc6 bxc6 10. Qc2 Qc7 11. Rd1 Ng4 12. h3 Nf6 13. b3 Bb7 14. Rb1 Rac8 15.
Ba3 c5 16. Nb5 Qb6 17. Bxb7 Qxb7 18. Nd6 Qa6 19. Nxc8 Rxc8 20. Bc1 d5 21. f3
Qd6 22. Bf4 e5 23. Bg5 e4 24. Bf4 Qe6 25. Kg2 d4 26. Re1 h6 27. g4 Re8 28. Qc1
g5 29. Bg3 e3 30. Qa3 Qc6 31. Qa4 Qe6 32. Qxa7 h5 33. Qxc5 hxg4 34. hxg4 Ne4
35. Qf5 Qc6 36. fxe4 Rxe4 37. Qf3 Qg6 38. Qf5 Qc6 39. Kg1 Re6 40. Qd5 Qc8 41.
Rf1 Rh6 42. Qxf7+ Kh8 43. Qf3 Rf6 44. Qe4 Re6 45. Qf3 Qc6 46. Qd5 Qe8 47. Kg2
Qc6 48. Rh1+ Kg8 49. Rbf1 Qe8 50. Rf5 d3 51. Qxd3 1-0